| 000 | 00619nam a2200205 a 4500 | ||
|---|---|---|---|
| 001 | 000041294 | ||
| 003 | OSt | ||
| 005 | 20201002034749.0 | ||
| 008 | 130930s1960 xxua 000 0 spa d | ||
| 020 | _a9781882536276 | ||
| 040 |
_aDO-SdBNP _bspa _cBNPHU |
||
| 082 | _bA396 | ||
| 245 | 0 | 0 |
_aAlguien se preocupa : _bverdades bíblicas para los que están enfermos. / _cTraducido por Jane Compeau |
| 260 |
_aNew York : _bLa Liga Bíblica, _c1960. |
||
| 300 |
_a45 p. ; _c19 cm. |
||
| 590 | _aInventariado, 2020 / DG | ||
| 700 |
_aCompeau, Jane _eTraductor _976711 |
||
| 910 | _aInventariado, 2020 / DG | ||
| 942 |
_2ddc _cLF1 |
||
| 999 |
_c40784 _d40784 |
||